| 000 | 01073nam a22003137a 4500 | ||
|---|---|---|---|
| 003 | UPN | ||
| 005 | 20221206063558.0 | ||
| 008 | 021008s1993 sp r 000 0 spa d | ||
| 020 | _a8433900838 | ||
| 035 | _aUPN01000119996 | ||
| 040 |
_aUPN _bspa _cUPN |
||
| 049 | _aCG | ||
| 050 | 4 |
_aHM136 _bL5.38 1993 |
|
| 100 | 1 | _aLipovetsky, Gilles | |
| 240 | 1 | 3 |
_aL' ere du vide. _lEspañol |
| 245 | 1 | 3 |
_aLa era del vacío : _bensayos sobre el individualismo contemporáneo / _cGilles Lipovetsky ; traducción de Joan Vinyoli y Michele Pendanx. |
| 250 | _a6a ed. | ||
| 260 |
_aBarcelona, España : _bAnagrama, _c1993. |
||
| 300 | _a220 p. | ||
| 440 | 0 |
_aArgumentos ; _v83 |
|
| 500 | _aTraducción de: l'ere du vide : essais sur l'individualisme contemporain. | ||
| 534 |
_pTraducción de: _tL'ére du vide : essais sur l'individualisme contemporain |
||
| 650 | 4 |
_aIndividualismo _915239 |
|
| 650 | 4 |
_aCivilización moderna _y1950- _910800 |
|
| 700 | 1 |
_aVinyoli, Joan, _d1914-1984 _944048 |
|
| 700 | 1 |
_aPendanx, Michèle _944049 |
|
| 905 | _aLibro | ||
| 942 |
_2lcc _cLIBRO |
||
| 999 |
_c208287 _d208287 |
||